000 00712nam a2200217Ia 4500
001 10078
003 GE_BSU
008 181216s||||||||xx |||||||||||||| ||und||
040 _cGE_BSU
080 _a821.353.1–31+821.353.1-32
100 _aონაშვილი,ნათელა
245 _aმანძილი მიწამდე
245 _bრომანი,მოთხრობები
245 _cრედ.მ.სანადირაძე. მხატვ. კ.თევზაძე
260 _aთბილისი
260 _bმერანი
260 _c1985
300 _a255გვ.20სმ.
653 _aმანძილი მიწამდე
942 _cBK
999 _c43350
_d43350